Sports Quiz

Random Sports or Soccer Quiz

Capped players under only one manager : Germany - I Quiz Stats

Quiz not verified by Sporcle

Challenge
Share
Tweet
Embed
Score 0/208 Timer 20:00
0 Plays Today
Hint Answer % Correct
Helmut SchönFranz Beckenbauer
86.7%
Sepp HerbergerAlfred Beck
86.7%
Helmut SchönDieter Müller
73.3%
Helmut SchönGerhard Müller
73.3%
Helmut SchönLudwig Müller
73.3%
Jupp Derwall Bernhard Förster
66.7%
Sepp HerbergerKarl Mai
66.7%
Sepp HerbergerHelmut Rahn
66.7%
Sepp HerbergerOttmar Walter
66.7%
Helmut SchönJoseph Heynckes
60%
Helmut SchönUlrich Hoeneß
60%
Jupp Derwall Horst Hrubesch
60%
Sepp HerbergerMaximilian Morlock
60%
Helmut SchönGünter Netzer
60%
Jupp Derwall Wolfgang Dremmler
53.3%
Helmut SchönBernhard Hölzenbein
53.3%
Jupp Derwall Bernhard Schuster
53.3%
Helmut SchönHans-Georg Schwarzenbeck
53.3%
Helmut SchönHans-Hubert Vogts
53.3%
Helmut SchönJürgen Grabowski
46.7%
Helmut SchönSiegfried Held
46.7%
Helmut SchönWolfgang Seel
46.7%
Sepp HerbergerAnton Turek
46.7%
Helmut SchönHorst-Dieter Höttges
40%
Helmut SchönFranz Roth
40%
Sepp HerbergerHans Schäfer
40%
Sepp HerbergerHerbert Schäfer
40%
Sepp HerbergerHorst Eckel
33.3%
Helmut SchönLothar Emmerich
33.3%
Helmut SchönKlaus Fichtel
33.3%
Helmut SchönHeinz Flohe
33.3%
Jupp Derwall Holger Hieronymus
33.3%
Helmut SchönJohannes Löhr
33.3%
Sepp HerbergerAlfred Schmidt
33.3%
Sepp HerbergerKarl Schmidt
33.3%
Jupp Derwall Miroslav Votava
33.3%
Helmut SchönErich Beer
26.7%
Helmut SchönManfred Burgsmüller
26.7%
Helmut SchönBernd Dörfel
26.7%
Sepp HerbergerWolfgang Fahrian
26.7%
Jupp Derwall Wilfried Hannes
26.7%
Helmut SchönDieter Herzog
26.7%
Sepp HerbergerWerner Kohlmeyer
26.7%
Helmut SchönErwin Kremers
26.7%
Helmut SchönHelmut Kremers
26.7%
Sepp HerbergerWerner Liebrich
26.7%
Helmut SchönMax Lorenz
26.7%
Jupp Derwall Caspar Memering
26.7%
Sepp HerbergerJosef Posipal
26.7%
Jupp Derwall Uwe Reinders
26.7%
Sepp HerbergerErwin Stein
26.7%
Helmut SchönHerbert Wimmer
26.7%
Helmut SchönHorst Wolter
26.7%
Sepp HerbergerHans Bauer
20%
Helmut SchönHans Bongartz
20%
Helmut SchönDietmar Danner
20%
Jupp Derwall Calle Del'Haye
20%
Sepp HerbergerJosef Derwall
20%
Sepp HerbergerFriedrich Herkenrath
20%
Sepp HerbergerRichard Herrmann
20%
Sepp HerbergerRudolf Hoffmann
20%
Helmut SchönHans-Josef Kapellmann
20%
Sepp HerbergerBernhardt Klodt
20%
Sepp HerbergerEngelbert Kraus
20%
Sepp HerbergerHeinz Kwiatkowski
20%
Helmut SchönKarl-Heinz Körbel
20%
Helmut SchönBernhard Patzke
20%
Sepp HerbergerAlfred Pfaff
20%
Jupp Derwall Gerhard Strack
20%
Sepp HerbergerKarl Adam
13.3%
Hint Answer % Correct
Jupp Derwall Manfred Bockenfeld
13.3%
Helmut SchönMichael Bella
13.3%
Helmut SchönJoachim Bäse
13.3%
Jupp Derwall Stephan Engels
13.3%
Sepp HerbergerHerbert Erhardt
13.3%
Sepp HerbergerErich Juskowiak
13.3%
Helmut SchönRudolf Kargus
13.3%
Sepp HerbergerAlfred Kelbassa
13.3%
Helmut SchönWolfgang Kleff
13.3%
Sepp HerbergerWilli Koslowski
13.3%
Sepp HerbergerFritz Laband
13.3%
Sepp HerbergerPaul Mebus
13.3%
Sepp HerbergerPaul Steiner
13.3%
Sepp HerbergerGeorg Stollenwerk
13.3%
Sepp HerbergerHans Sturm
13.3%
Sepp HerbergerWilhelm Sturm
13.3%
Sepp HerbergerHeinz Wewers
13.3%
Sepp HerbergerFritz Balogh
6.7%
Sepp HerbergerKarl Barufka
6.7%
Sepp HerbergerGunther Baumann
6.7%
Sepp HerbergerHelmut Benthaus
6.7%
Sepp HerbergerUlrich Biesinger
6.7%
Helmut SchönHartwig Bleidick
6.7%
Jupp Derwall Ronald Borchers
6.7%
Sepp HerbergerKurt Borkenhagen
6.7%
Helmut SchönDieter Brenninger
6.7%
Helmut SchönRudolf Brunnenmeier
6.7%
Sepp HerbergerErich Bäumler
6.7%
Sepp HerbergerKarl Bögelein
6.7%
Sepp HerbergerHans Cieslarczyk
6.7%
Helmut SchönPeter Dietrich
6.7%
Sepp HerbergerHerbert Dörner
6.7%
Sepp HerbergerKurt Ehrmann
6.7%
Sepp HerbergerFritz Ewert
6.7%
Sepp HerbergerHelmut Faeder
6.7%
Sepp HerbergerDiethelm Ferner
6.7%
Sepp HerbergerRolf Geiger
6.7%
Sepp HerbergerWilli Gerdau
6.7%
Sepp HerbergerFelix Gerritzen
6.7%
Helmut SchönBernd Gersdorff
6.7%
Helmut SchönReiner Geye
6.7%
Sepp HerbergerRichard Gottinger
6.7%
Jupp Derwall Jürgen Groh
6.7%
Helmut SchönPeter Grosser
6.7%
Helmut SchönVolkmar Groß
6.7%
Sepp HerbergerHans Haferkamp
6.7%
Sepp HerbergerGerhard Harpers
6.7%
Jupp Derwall William Georg Hartwig
6.7%
Helmut SchönHartmut Heidemann
6.7%
Helmut SchönHeinz Hornig
6.7%
Sepp HerbergerFranz Islacker
6.7%
Sepp HerbergerGünter Jäger
6.7%
Sepp HerbergerGerhard Kaufhold
6.7%
Helmut SchönFerdinand Keller
6.7%
Jupp Derwall Walter Kelsch
6.7%
Helmut SchönUwe Kliemann
6.7%
Sepp HerbergerTheo Klöckner
6.7%
Helmut SchönErwin Kostedde
6.7%
Sepp HerbergerRichard Kress
6.7%
Sepp HerbergerHeinz Kubsch
6.7%
Sepp HerbergerWilli Köchling
6.7%
Helmut SchönHorst Köppel
6.7%
Helmut SchönHerbert Laumen
6.7%
Sepp HerbergerHeinz Kördell
6.7%
Helmut SchönErich Maas
6.7%
Helmut SchönManfred Manglitz
6.7%
Jupp Derwall Bernd Martin
6.7%
Sepp HerbergerJosef Marx
6.7%
Sepp HerbergerMatthias Mauritz
6.7%
Sepp HerbergerKarl-Heinz Metzner
6.7%
Hint Answer % Correct
Helmut SchönPeter Meyer
6.7%
Jupp Derwall Jürgen Milewski
6.7%
Sepp HerbergerJakob Miltz
6.7%
Helmut SchönRudolf Nafziger
6.7%
Helmut SchönWilli Neuberger
6.7%
Helmut SchönHerbert Neumann
6.7%
Sepp HerbergerHans Neuschäfer
6.7%
Helmut SchönBernd Nickel
6.7%
Jupp Derwall Harald Nickel
6.7%
Jupp Derwall Kurt Niedermayer
6.7%
Helmut SchönPeter Nogly
6.7%
Helmut SchönRainer Ohlhauser
6.7%
Sepp HerbergerWerner Olk
6.7%
Jupp Derwall Johny Otten
6.7%
Sepp HerbergerWolfgang Peters
6.7%
Sepp HerbergerMichael Pfeiffer
6.7%
Helmut SchönJosef Piontek
6.7%
Helmut SchönJosef Pirrung
6.7%
Sepp HerbergerIngo Porges
6.7%
Sepp HerbergerFritz Pott
6.7%
Sepp HerbergerAlfred Preißler
6.7%
Sepp HerbergerAlfred Pyka
6.7%
Helmut SchönHans Rebele
6.7%
Sepp HerbergerTheodor Redder
6.7%
Helmut SchönPeter Reichel
6.7%
Sepp HerbergerStefan Reisch
6.7%
Sepp HerbergerWilly Reitgaßl
6.7%
Sepp HerbergerErich Retter
6.7%
Sepp HerbergerKarl Ringel
6.7%
Helmut SchönManfred Ritschel
6.7%
Helmut SchönWalter Rodekamp
6.7%
Jupp Derwall Helmut Roleder
6.7%
Helmut SchönBernd Rupp
6.7%
Sepp HerbergerJosef Röhrig
6.7%
Sepp HerbergerGünter Sawitzki
6.7%
Sepp HerbergerHorst Schade
6.7%
Sepp HerbergerErich Schanko
6.7%
Sepp HerbergerElwin Schlebrowski
6.7%
Sepp HerbergerRobert Schlienz
6.7%
Sepp HerbergerWilli Schröder
6.7%
Sepp HerbergerTheo Schönhöft
6.7%
Sepp HerbergerJürgen Schütz
6.7%
Helmut SchönRudolf Seliger
6.7%
Sepp HerbergerGerhard Siedl
6.7%
Helmut SchönHans Siemensmeyer
6.7%
Sepp HerbergerWolfgang Solz
6.7%
Sepp HerbergerBernhard Steffen
6.7%
Helmut SchönArno Steffenhagen
6.7%
Sepp HerbergerKlaus Stürmer
6.7%
Sepp HerbergerHans-Jürgen Sundermann
6.7%
Helmut SchönFranz-Josef Tenhagen
6.7%
Sepp HerbergerBernhard Termath
6.7%
Sepp HerbergerHorst Trimhold
6.7%
Helmut SchönLothar Ulsaß
6.7%
Helmut SchönGeorg Volkert
6.7%
Sepp HerbergerHeinz Vollmar
6.7%
Sepp HerbergerErwin Waldner
6.7%
Sepp HerbergerHans Weilbächer
6.7%
Sepp HerbergerFerdinand Wenauer
6.7%
Sepp HerbergerJürgen Werner
6.7%
Sepp HerbergerClemens Wientjes
6.7%
Sepp HerbergerLeo Wilden
6.7%
Helmut SchönKlaus Wunder
6.7%
Helmut SchönKlaus Zaczyk
6.7%
Sepp HerbergerWalter Zastrau
6.7%
Sepp HerbergerJohann Zeitler
6.7%
Helmut SchönDieter Zembski
6.7%
Jupp Derwall Gerd Zewe
6.7%

You're not logged in!

Compare scores with friends on all Sporcle quizzes.
Sign Up with Email
OR
Log In

You Might Also Like...

Show Comments

Extras

Top Quizzes Today


Score Distribution

Your Account Isn't Verified!

In order to create a playlist on Sporcle, you need to verify the email address you used during registration. Go to your Sporcle Settings to finish the process.

Report this User

Report this user for behavior that violates our Community Guidelines.

Details: